000 00549nam a2200193Ia 4500
003 IN-BaIIA
008 211028s9999 xx 000 0 eng d
040 _cIIA Library
080 _a52-77
_bKUN
245 0 _aSolar radio astronomy
_cedited by Mukul R Kundu and N. R. Labrum
260 _aNew York
_bInterscience Publishers
_c1965
300 _axi, 660p.
650 _aAstronomy
_980
650 _aRadio astronomy
_92849
650 _aSolar Physics
700 _aKundu, Mukul R., ed.
_913838
700 _aLabrum, N. R., ed.
_935514
942 _cBK
999 _c18484
_d18484